Statistics for NHL 50 Goal Scorers

Click here to take the quiz!

General Stats

  • This quiz has been taken 2,383 times
  • The average score is 45 of 91

Answer Stats

First 50 Goal SeasonTeamGoalsAnswer% Correct
2005–06Capitals52Alex Ovechkin
96%
1979–80Oilers51Wayne Gretzky
96%
2009–10Penguins51Sidney Crosby
94%
1986–87Penguins54Mario Lemieux
91%
1961–62Black Hawks50Bobby Hull
90%
1989–90Blues72Brett Hull
90%
2011–12Penguins50Evgeni Malkin
90%
1995–96Penguins62Jaromir Jagr
90%
2009–10Lightning51Steven Stamkos
88%
1980–81Quebec Nordiques52Jacques Richard
87%
1944–45Canadiens50Maurice Richard
87%
1992–93Jets76Teemu Selanne
87%
2001-02Flames52Jarome Iginla
86%
1995–96Avalanche51Joe Sakic
85%
1981–82Oilers50Mark Messier
83%
1987–88Red Wings50Steve Yzerman
81%
2010–11Ducks50Corey Perry
80%
1983–84Oilers52Jari Kurri
80%
1977–78Islanders53Mike Bossy
80%
1970–71Bruins76Phil Esposito
79%
2005–06Atlanta Thrashers52Ilya Kovalchuk
78%
1992–93Canucks60Pavel Bure
78%
1974–75Canadiens53Guy Lafleur
75%
1993-94Stars50Mike Modano
75%
1987–88Kings53Luc Robitaille
72%
2005–06Senators50Dany Heatley
71%
1976–77Kings53Marcel Dionne
71%
2006–07Lightning52Vincent Lecavalier
68%
1981–82Islanders50Bryan Trottier
62%
1993–94Red Wings56Sergei Fedorov
59%
1982–83Flames66Lanny McDonald
58%
1992–93Sabres76Alexander Mogilny
57%
1995–96Ducks50Paul Kariya
57%
1984–85Jets53Dale Hawerchuk
55%
1989–90Islanders54Pat LaFontaine
54%
1992–93Blues51Brendan Shanahan
53%
1984–85Capitals50Mike Gartner
52%
2005–06Sharks56Jonathan Cheechoo
51%
1989–90Bruins55Cam Neely
50%
1991–92Blackhawks53Jeremy Roenick
50%
1995–96Jets50Keith Tkachuk
50%
1995–96Capitals52Peter Bondra
50%
1992–93Sabres/Maple Leafs54Dave Andreychuk
49%
1983–84Oilers54Glenn Anderson
48%
1995–96Flyers51John LeClair
48%
1970–71Bruins51John Bucyk
47%
1992–93Flyers53Mark Recchi
47%
1990–91Flames51Theoren Fleury
47%
2002–03Avalanche50Milan Hejduk
46%
1981–82Minnesota North Stars55Dino Ciccarelli
44%
1975–76Flyers61Reggie Leach
43%
1988–89Kings70Bernie Nicholls
41%
1987–88Flames51Joe Nieuwendyk
40%
1982–83Quebec Nordiques57Michel Goulet
40%
1991–92Penguins54Kevin Stevens
38%
1976–77Canadiens60Steve Shutt
38%
1960–61Canadiens50Bernie Geoffrion
37%
1992–93Islanders58Pierre Turgeon
36%
1975–76Flyers50Bill Barber
33%
1993–94Rangers52Adam Graves
31%
1973–74Sabres52Rick Martin
30%
1988–89Flames51Joe Mullen
29%
1987–88Canadiens50Stephane Richer
29%
1981–82Maple Leafs54Rick Vaive
28%
1989–90Minnesota North Stars55Brian Bellows
27%
1980–81Capitals50Dennis Maruk
26%
1983–84Flyers54Tim Kerr
26%
1991–92Flames53Gary Roberts
25%
1979–80Kings56Charlie Simmer
24%
1987–88Kings55Jimmy Carson
24%
1987–88Flames50Hakan Loob
23%
1981–82Bruins51Rick Middleton
23%
1975–76Penguins53Pierre Larouche
21%
1987–88Penguins/Oilers56Craig Simpson
20%
1975–76Sabres50Danny Gare
20%
1989–90Maple Leafs51Gary Leeman
19%
1973–74Bruins50Ken Hodge
19%
1972–73Flyers50Rick MacLeish
19%
1971–72Rangers50Vic Hadfield
19%
1979–80Hartford Whalers56Blaine Stoughton
18%
1984–85Red Wings55John Ogrodnick
17%
1972–73Red Wings52Mickey Redmond
17%
1980–81Penguins55Rick Kehoe
17%
1982–83Black Hawks54Al Secord
16%
1975–76Penguins52Jean Pronovost
16%
1993–94Red Wings52Ray Sheppard
16%
1984–85Capitals53Bobby Carpenter
14%
1978–79Atlanta Flames50Guy Chouinard
14%
1983–84Penguins51Mike Bullard
13%
1980–81Blues54Wayne Babych
12%
1974–75Red Wings50Danny Grant
11%

Score Distribution

Percentile by Number Answered

Percent of People with Each Score

Your Score History

You have not taken this quiz